Водный кодекс Российской Федерации (Запись № 569070)

Подробности
000 -МАРКЕР
контрольное поле 01835nam0a2200313 4500
001 - ИДЕНТИФИКАТОР ЗАПИСИ
контрольное поле RU\NLR\bibl\1307140
005 - ИДЕНТИФИКАТОР ВЕРСИИ
контрольное поле 20260409064122.0
010 ## - МЕЖДУНАРОДНЫЙ СТАНДАРТНЫЙ НОМЕР КНИГИ (ISBN)
Номер (ISBN) 978-5-9957-0031-9
Тираж 1500
021 ## - НОМЕР ГОСУДАРСТВЕННОЙ РЕГИСТРАЦИИ
Код страны Российская Федерация
Номер 2008-84054
Номер Листа государственной регистраци 4902
035 ## - ДРУГИЕ СИСТЕМНЫЕ НОМЕРА
Идентификатор записи (NLR Aleph) 001292644
100 ## - ДАННЫЕ ОБЩЕЙ ОБРАБОТКИ
Данные общей обработки 20081212d2008 |||y0rusy50 ca
101 0# - ЯЗЫК РЕСУРСА
Язык текста, звукозаписи и т.д. русский
102 ## - СТРАНА ПУБЛИКАЦИИ ИЛИ ПРОИЗВОДСТВА
Страна публикации Российская Федерация
105 ## - ПОЛЕ КОДИРОВАННЫХ ДАННЫХ: ТЕКСТОВЫЕ МАТЕРИАЛЫ, МОНОГРАФИЧЕСКИЕ
Кодированные данные о монографическом текстовом документе y |||||||||
200 1# - ЗАГЛАВИЕ И СВЕДЕНИЯ ОБ ОТВЕТСТВЕННОСТИ
Основное заглавие Водный кодекс Российской Федерации
Сведения, относящиеся к заглавию (Собрание законодательства Российской Федерации, 2006, N° 23, ст. 2381)
-- в редакции Федеральных законов: от 4 декабря 2006 года N° 201-ФЗ (СЗ РФ, 2006, N° 50, ст. 5279); от 19 июня 2007 года N° 102-ФЗ, (СЗ РФ, 2007, N° 26 ст. 3075); от 14 июля 2008 года N° 118-ФЗ (СЗ РФ, 2008, N° 29, ст. 3418); от 23 июля 2008 года N° 160-ФЗ (СЗ РФ, 2008, N° 30, ст. 3616)
-- [принят Государственной Думой 12 апреля 2006 года
-- одобрен Советом Федерации 26 мая 2006 года]
205 ## - СВЕДЕНИЯ ОБ ИЗДАНИИ
Сведения об издании [9-е изд.
Дополнительные сведения об издании новая редакция]
210 ## - ПУБЛИКАЦИЯ, РАСПРОСТРАНЕНИЕ И ДР.
Место издания, распространения и т.д. Москва
Имя издателя, распространителя и т. д. Ось-89
Дата издания, распространения и т.д. 2008
215 ## - ФИЗИЧЕСКАЯ ХАРАКТЕРИСТИКА
Специфическое обозначение материала и объем 79 с.
Размеры 21
225 1# - СЕРИЯ
Основное заглавие серии Кодекс
604 ## - ИМЯ И ЗАГЛАВИЕ КАК ПРЕДМЕТ
Связываемые данные 71001$aРоссийская Федерация
-- 50011$aВодный кодекс$2nlr_sh2$3RU\NLR\AUTH\661263600
Имя лица Российская Федерация
Заглавие Водный кодекс
Системный номер авторитетной/нормативной записи 2087437
Идентификатор авторитетной/нормативной записи RU\NLR\AUTH\661263600
686 ## - ИНДЕКСЫ ДРУГИХ КЛАССИФИКАЦИЙ
Индекс Х625.8-324.9(2Р)
740 #1 - УСЛОВНОЕ НАИМЕНОВАНИЕ / ЗАГЛАВИЕ ДЛЯ ЗАКОНОДАТЕЛЬНЫХ И РЕЛИГИОЗНЫХ ТЕКСТОВ - ПЕРВИЧНАЯ ОТВЕТСТВЕННОСТЬ
Начальный элемент ввода Российская Федерация
Обозначение вида документа Законы
Название раздела или части Водный кодекс
Идентификатор авторитетной/нормативной записи RU\NLR\AUTH\880379501
-- 425399
801 #0 - ИСТОЧНИК ЗАПИСИ
Страна Российская Федерация
Организация NLR
Дата составления 20081212
Правила каталогизации RCR
801 #1 - ИСТОЧНИК ЗАПИСИ
Страна Российская Федерация
Организация NLR
Дата составления 20081212
942 ## - ДОПОЛНИТЕЛЬНЫЕ ЭЛЕМЕНТЫ ЗАПИСИ (АБИС)
Тип экземпляра АБИС Книга
980 ## - КОЛЛЕКЦИЯ
Название коллекции Национальная библиография
Экземпляры
Тип экземпляра Дата поступления Источник поступления Библиотека постоянного хранения Библиотека текущего хранения Место хранения Шифр хранения Штрих-код Статус экземпляра
Книга 12.12.2008 Обязательный экземпляр РНБ (Московский) РНБ (Московский) Русский книжный фонд: издания с 1957 года 2008-4/20139 2812840  
Книга 12.12.2008 Обязательный экземпляр РНБ (Московский) РНБ (Московский) Русский книжный фонд: издания с 1957 года 2008-4/20139 2812841